[Event "Baden-ch"]
[Site "Emmendingen"]
[Date "2012.06.05"]
[Round "2"]
[White "Ivanov, Mikhail M"]
[Black "Bauer, Andreas"]
[Result "1-0"]
[WhiteElo "2395"]
[BlackElo "2152"]
[PlyCount "99"]
[EventDate "2012.06.04"]
[EventType "swiss"]
[EventRounds "9"]
[EventCountry "GER"]
[SourceTitle "CBM 148 Extra"]
[Source "ChessBase"]
[SourceDate "2012.06.22"]
[SourceVersion "1"]
[SourceVersionDate "2012.06.22"]
[SourceQuality "1"]

1. c4 c5 2. Nc3 Nc6 3. Nf3 e5 4. g3 g6 5. Bg2 Bg7 6. 0-0 d6 7. a3 a5 8. Ne1 Be6 9. d3 Nge7 10. Nc2 d5 11. cxd5 Nxd5 12. Ne3 Nde7 13. Nc4 0-0 14. Bg5 f6 15. Be3 b6 16. Qa4 Rc8 17. Qb5 Nd4 18. Qxb6 Qxb6 19. Nxb6 Rb8 20. Bxd4 cxd4 21. Nca4 Bh6 22. b4 Bd2 23. b5 Nc8 24. Nc4 Bxc4 25. dxc4 Nb6 26. Nxb6 Rxb6 27. Bd5+ Kg7 28. Ra2 Bc3 29. f4 Rbb8 30. Rc2 exf4 31. gxf4 Rfd8 32. e4 Kf8 33. Rf3 Ke7 34. Rfxc3 dxc3 35. Rxc3 Rdc8 36. Rh3 h5 37. Rg3 g5 38. fxg5 fxg5 39. Rxg5 Kd6 40. Kf2 Rf8+ 41. Ke3 Rf1 42. Rg6+ Ke7 43. Re6+ Kd7 44. Rh6 Rbf8 45. Kd4 Ra1 46. c5 Rxa3 47. c6+ Kc8 48. b6 Ra1 49. Rh7 Rc1 50. Be6+ 1-0

[Event "Mittelfranken-chTB1 1112"]
[Site "Germany"]
[Date "2012.01.15"]
[Round "5.2"]
[White "Petzold, Vinzenz"]
[Black "Bauer, Andreas"]
[Result "1/2-1/2"]
[WhiteElo "1981"]
[BlackElo "2091"]
[PlyCount "53"]
[EventDate "2011.09.25"]
[EventType "team-tourn"]
[EventRounds "9"]
[EventCountry "GER"]
[SourceTitle "EXT 2013"]
[Source "ChessBase"]
[SourceDate "2012.11.22"]
[SourceVersion "1"]
[SourceVersionDate "2012.11.22"]
[SourceQuality "1"]
[WhiteTeam "Erlangen SC II"]
[BlackTeam "Heng Postbauer"]
[WhiteTeamCountry "GER"]
[BlackTeamCountry "GER"]

1. d4 Nf6 2. c4 g6 3. Nc3 Bg7 4. e4 d6 5. f4 0-0 6. Nf3 c5 7. dxc5 Qa5 8. Bd3 Qxc5 9. Qe2 Nc6 10. Be3 Qa5 11. 0-0 Ng4 12. Bd2 Nd4 13. Qe1 Qb6 14. Kh1 Qxb2 15. Nxd4 Bxd4 16. Rb1 Qa3 17. Rb3 Qc5 18. Rb5 Qc7 19. h3 Nf6 20. e5 dxe5 21. fxe5 Nd7 22. Nd5 Qd8 23. e6 Nf6 24. Rxf6 Bxf6 25. Nxf6+ Kg7 26. Nd5 fxe6 27. Bc3+ 1/2-1/2

[Event "Staufer op 24th"]
[Site "Schwaebisch Gmuend"]
[Date "2012.01.04"]
[Round "6"]
[White "Naumann, Axel"]
[Black "Bauer, Andreas"]
[Result "0-1"]
[WhiteElo "2200"]
[BlackElo "2124"]
[PlyCount "70"]
[EventDate "2012.01.02"]
[EventType "swiss"]
[EventRounds "9"]
[EventCountry "GER"]
[SourceTitle "CBM 146 Extra"]
[Source "ChessBase"]
[SourceDate "2012.02.29"]
[SourceVersion "1"]
[SourceVersionDate "2012.02.29"]
[SourceQuality "1"]

1. e4 c5 2. Nf3 Nc6 3. d4 cxd4 4. Nxd4 Nf6 5. Nc3 e5 6. Ndb5 d6 7. Bg5 a6 8. Na3 b5 9. Bxf6 gxf6 10. Nd5 f5 11. Bd3 Be6 12. c3 Bg7 13. Nxb5 axb5 14. Bxb5 Bd7 15. exf5 h5 16. Qf3 Rh6 17. a4 Kf8 18. 0-0 Rb8 19. Rfd1 Qg5 20. Ne3 e4 21. Qxe4 Re8 22. h4 Qd8 23. Qf4 Ne5 24. Bxd7 Qxd7 25. Nd5 Ng4 26. a5 Re2 27. Nb6 Qd8 28. a6 Be5 29. Qxh6+ Nxh6 30. a7 Qxh4 31. a8Q+ Kg7 32. Qf3 Ng4 33. f6+ Kh6 34. Ra4 Bh2+ 35. Kh1 Nxf2+ 0-1

[Event "Mittelfranken-chTB1 1112"]
[Site "Germany"]
[Date "2011.12.11"]
[Round "4.2"]
[White "Bauer, Andreas"]
[Black "Sargin, Anatol"]
[Result "1-0"]
[WhiteElo "2091"]
[BlackElo "2104"]
[PlyCount "95"]
[EventDate "2011.09.25"]
[EventType "team-tourn"]
[EventRounds "9"]
[EventCountry "GER"]
[SourceTitle "EXT 2013"]
[Source "ChessBase"]
[SourceDate "2012.11.22"]
[SourceVersion "1"]
[SourceVersionDate "2012.11.22"]
[SourceQuality "1"]
[WhiteTeam "Heng Postbauer"]
[BlackTeam "Nuernberg NT III"]
[WhiteTeamCountry "GER"]
[BlackTeamCountry "GER"]

1. Nf3 d5 2. g3 c6 3. Bg2 Nf6 4. 0-0 Bg4 5. d4 Nbd7 6. Nbd2 e6 7. b3 Bd6 8. Bb2 Ne4 9. Nxe4 dxe4 10. Nd2 e3 11. Nc4 exf2+ 12. Rxf2 Be7 13. Qf1 0-0 14. e4 Bh5 15. e5 Nb6 16. Nxb6 axb6 17. c4 Qd7 18. Be4 Bg5 19. Qd3 Bg6 20. Bxg6 hxg6 21. h4 Be7 22. Kg2 Rfd8 23. Qf3 f5 24. a4 b5 25. axb5 cxb5 26. Rxa8 Rxa8 27. d5 Bc5 28. Re2 Ra2 29. d6 Kf8 30. g4 Qc6 31. gxf5 gxf5 32. Qxc6 bxc6 33. cxb5 cxb5 34. Kf3 Ke8 35. Rc2 Bb6 36. Rg2 Kd8 37. Bd4 Bxd4 38. Rxa2 Bxe5 39. Re2 Bxd6 40. Rxe6 Be7 41. h5 Ke8 42. Kf4 Kf7 43. Kxf5 b4 44. Rb6 Bc5 45. Rb7+ Be7 46. Rc7 Ke8 47. Kg6 Bd6 48. Rxg7 1-0

[Event "Mittelfranken-chTB1 1112"]
[Site "Germany"]
[Date "2011.09.25"]
[Round "1.2"]
[White "Erlbeck, Peter"]
[Black "Bauer, Andreas"]
[Result "1-0"]
[WhiteElo "2026"]
[BlackElo "2091"]
[PlyCount "135"]
[EventDate "2011.09.25"]
[EventType "team-tourn"]
[EventRounds "9"]
[EventCountry "GER"]
[SourceTitle "EXT 2013"]
[Source "ChessBase"]
[SourceDate "2012.11.22"]
[SourceVersion "1"]
[SourceVersionDate "2012.11.22"]
[SourceQuality "1"]
[WhiteTeam "Nuernberg Sued SW II"]
[BlackTeam "Heng Postbauer"]
[WhiteTeamCountry "GER"]
[BlackTeamCountry "GER"]

1. e4 c5 2. Nc3 Nc6 3. f4 g6 4. Nf3 Bg7 5. Bc4 e6 6. f5 Nge7 7. fxe6 dxe6 8. d3 a6 9. a4 0-0 10. 0-0 Nd4 11. Nxd4 cxd4 12. Ne2 Nc6 13. Qe1 Ne5 14. Bb3 a5 15. Qg3 Qd6 16. Bg5 f6 17. Bd2 Bd7 18. Kh1 b6 19. Be1 b5 20. Bf2 bxa4 21. Ba2 Qe7 22. Bxd4 Nc6 23. c3 Nxd4 24. Nxd4 Kh8 25. Bc4 e5 26. Nf3 Rab8 27. Rab1 a3 28. bxa3 Qxa3 29. Rbc1 Rfc8 30. Nh4 Bh6 31. Rc2 Bg5 32. Nf3 Bf4 33. Qe1 Qe7 34. Ra2 a4 35. Qe2 Kg7 36. g3 Bh6 37. Nh4 Bg5 38. Nf3 Bh6 39. Nh4 Bg5 40. Nf3 Bg4 41. Rxa4 h5 42. Qf2 Bh6 43. Nh4 Bg5 44. Ra7 Rc7 45. Rfa1 Rbc8 46. Rxc7 Rxc7 47. Kg2 Qd7 48. Nf3 Bh6 49. h4 Bh3+ 50. Kh2 Bg4 51. Ra8 Kh7 52. Bg8+ Kg7 53. Nxe5 Qb5 54. Nc4 Qb1 55. Nd6 Bd7 56. Bc4 Kh7 57. Bg8+ Kg7 58. e5 f5 59. e6 Bc8 60. Ne8+ Kxg8 61. Nxc7 Qb7 62. e7 Qxc7 63. e8Q+ Kh7 64. Rxc8 Qg7 65. Qc6 f4 66. Rc7 fxg3+ 67. Qxg3 Bf4 68. Qxf4 1-0